00526nam a2200181 a 4500001000400000003000900004008004100013040002800054082001600082100003200098245006500130250000700195260004300202300001000245490002600255650002800281650003500309860CO-ViMGA141112s2004 ck r 000 u spa d aCO-ViMGAbspacCO-ViMGA04aR346 C656pp1 aColombia. Leyes, decretos, 10aCódigo civil colombiano / cPeña Peña Rogelio Enrique  a3a aSantafé de Bogotá : bEcoe, c1997 a511 p aLas leyes de Colombia14aDERECHO CIVIL - CODIGOS14aPeña Peña, Rogelio Enrique